[Event "ch-USA 2025"]
[Site "Saint Louis USA"]
[Date "2025.10.12"]
[Round "1.1"]
[White "Sevian, Samuel"]
[Black "Shankland, Sam"]
[Result "1/2-1/2"]
[WhiteTitle "GM"]
[BlackTitle "GM"]
[WhiteElo "2698"]
[BlackElo "2654"]
[WhiteFideId "2040506"]
[BlackFideId "2004887"]
[EventDate "2025.10.12"]

1. e4 c6 2. d4 d5 3. e5 Bf5 4. h4 h5 5. Bd3 Bxd3 6. Qxd3 Qa5+ 7. Nd2 e6 8. Nf3
Nh6 9. c3 Qa6 10. Qxa6 Nxa6 11. b4 Nf5 12. Nb3 Be7 13. a4 b6 14. g3 Nb8 15. O-O
Nd7 16. Bd2 c5 17. dxc5 bxc5 18. Na5 Nb6 19. Rfc1 Kd7 20. c4 cxb4 21. c5 Nc4 22.
Nxc4 dxc4 23. Bxb4 Kc6 24. Rxc4 Rhd8 25. Kf1 Rd5 26. Rac1 Rad8 27. Ke2 R8d7 28.
Re4 Nd4+ 29. Nxd4+ Rxd4 30. Rc4 Rxc4 31. Rxc4 Rd5 32. f4 Bxc5 33. Bxc5 Rxc5 34.
Kd3 a5 35. Kd4 Rxc4+ 36. Kxc4 g6 37. Kd4 Kb6 38. Kc4 Kc6 39. Kd4 Kb6 40. Kc4 Kc6 1/2-1/2

[Event "ch-USA 2025"]
[Site "Saint Louis USA"]
[Date "2025.10.13"]
[Round "2.4"]
[White "Mishra, Abhimanyu"]
[Black "Sevian, Samuel"]
[Result "1/2-1/2"]
[WhiteTitle "GM"]
[BlackTitle "GM"]
[WhiteElo "2652"]
[BlackElo "2698"]
[WhiteFideId "30920019"]
[BlackFideId "2040506"]
[EventDate "2025.10.12"]

1. d4 Nf6 2. c4 e6 3. Nf3 d5 4. g3 dxc4 5. Bg2 Nc6 6. Qa4 Bb4+ 7. Bd2 Nd5 8.
Bxb4 Nxb4 9. Nc3 Bd7 10. O-O a5 11. Qd1 O-O 12. e3 a4 13. Qe2 Na5 14. Ne5 Nd5
15. Nxd5 exd5 16. Bxd5 Bh3 17. Qf3 Bxf1 18. Bxf7+ Kh8 19. Rxf1 Nc6 20. Qh5 Nxe5
21. dxe5 a3 22. bxa3 Qe7 23. e6 c6 24. a4 Rxa4 25. Rd1 c3 26. Rd7 c2 27. Rxe7
c1=Q+ 28. Kg2 Rxa2 29. Rd7 Qxe3 30. Qf5 Re2 31. Rxb7 h6 32. Rc7 Qa3 33. h4 Re1
34. Rxc6 Qa8 35. Qd5 Rd8 36. Qf3 Rf8 37. Rc3 Qd8 38. Re3 Rxe3 39. Qxe3 Qe7 40.
Qf4 Rd8 41. Qf3 Rf8 42. h5 Rd8 43. Qe4 Rf8 44. Qf4 Qb7+ 45. Kh2 Qe7 46. Qf5 Qc7
47. Kh3 Qb7 48. f3 Qc7 49. Qd5 Qe7 50. f4 Rd8 51. Qc6 Rf8 52. Qc4 Qb7 53. Kg4
Qe7 54. Bg6 Kg8 55. Qd5 Rd8 56. Qc6 Kh8 57. Bf7 Rf8 58. Qd5 Rd8 59. Qe5 Rf8 60.
Bg6 Rf6 61. Qb8+ Rf8 62. Qe5 Rf6 63. Bf5 Rf8 64. Qe4 Re8 65. Qc6 Kg8 66. Kh3 Kf8
67. Kh2 Rd8 68. Bg6 Rd6 69. Qa8+ Qd8 70. Qe4 Rxe6 71. Qxe6 Qd2+ 72. Kh3 Qg2+ 73.
Kh4 Qxg3+ 74. Kxg3 1/2-1/2

[Event "ch-USA 2025"]
[Site "Saint Louis USA"]
[Date "2025.10.18"]
[Round "6.1"]
[White "Woodward, Andy"]
[Black "Swiercz, Dariusz"]
[Result "1-0"]
[WhiteTitle "GM"]
[BlackTitle "GM"]
[WhiteElo "2590"]
[BlackElo "2577"]
[WhiteFideId "30953499"]
[BlackFideId "1126881"]
[EventDate "2025.10.12"]

1. d4 d5 2. Nf3 e6 3. g3 b6 4. c4 dxc4 5. Bg2 Bb7 6. Qa4+ Nd7 7. Bg5 Be7 8. Bxe7
Qxe7 9. Nbd2 Nf6 10. Nxc4 O-O 11. O-O c5 12. Rfd1 Rfc8 13. Rac1 Rc7 14. Qa3 Rac8
15. Nfe5 Bxg2 16. Kxg2 Qf8 17. Nxd7 Nxd7 18. dxc5 Nxc5 19. Nd6 Rd8 20. Nb5 Rcd7
21. Rxd7 Rxd7 22. b4 Ne4 23. Nxa7 Nd6 24. Nc6 b5 25. Qd3 Rc7 26. Rc5 Nc4 27. a4
h6 28. axb5 Nb6 29. e4 Rd7 30. Qe3 Rb7 31. Rc3 Nd7 32. Rd3 Qe8 33. Qd2 Kh7 34.
Rd6 Qc8 35. Na5 Rc7 36. b6 Rc2 37. b7 1-0

[Event "ch-USA 2025"]
[Site "Saint Louis USA"]
[Date "2025.10.20"]
[Round "8.1"]
[White "Oparin, Grigoriy"]
[Black "Mishra, Abhimanyu"]
[Result "1/2-1/2"]
[WhiteTitle "GM"]
[BlackTitle "GM"]
[WhiteElo "2661"]
[BlackElo "2652"]
[WhiteFideId "24125890"]
[BlackFideId "30920019"]
[EventDate "2025.10.12"]

1. c4 Nf6 2. Nc3 e6 3. e4 c5 4. e5 Ng8 5. Nf3 Nc6 6. d4 cxd4 7. Nxd4 Nxe5 8.
Ndb5 a6 9. Nd6+ Bxd6 10. Qxd6 f6 11. Be3 Ne7 12. Bb6 Nf5 13. Bxd8 Nxd6 14. Bc7
Ke7 15. c5 Ne8 16. Bb6 d5 17. cxd6+ Nxd6 18. Bc5 b6 19. Bxb6 Bb7 20. Bc5 Rac8
21. Ba3 Rhd8 22. O-O-O Nf7 23. Be2 Ke8 24. Rhe1 e5 25. Bb4 Nf5 26. Rxd8+ Nxd8
27. Bd3 g6 28. f4 Nh4 29. g3 Nf3 30. Re3 Nxh2 31. Be2 Ne6 32. fxe5 f5 33. Rd3
Ng4 34. Rd6 Rc6 35. Rxc6 Bxc6 36. Bxa6 h5 37. Bc4 Nxe5 38. Bxe6 Nd3+ 39. Kd2
Nxb4 40. a3 Na6 41. b4 Nc7 42. Bc4 g5 43. b5 Bb7 44. a4 h4 45. gxh4 gxh4 46. Bf1
Ke7 47. a5 Kd6 48. a6 Bc8 49. Ke3 Kc5 50. Kf2 Bxa6 51. bxa6 Kb6 52. Na4+ Ka7 53.
Nc5 Kb6 54. Na4+ Ka7 55. Nc5 Kb6 56. Na4+ Ka7 1/2-1/2